000 00498nam a2200181Ia 4500
003 GCL
008 140319s9999 xx 000 0 eng d
040 _aGCL /
_cGCL
082 0 4 _a539.7
_bW I
100 1 _aWAGHMARE, XESHWANT R.
245 1 0 _aINTRODUCTION NUCLEAR PHYSICS /
_cWAGHMARE, XESHWANT R.
260 _a[S.N] :
_bOXFORD & IBH PUBLISHING CO.PVT. LTD. ،
_c1990
300 _a353 P
650 0 4 _aNUCLEAR PHYSICS
650 0 4 _aPHYSICS
650 0 4 _aNUMERICAL ANALYSIS
942 _2ddc
_cBK
999 _c20525
_d20525